| 000 | 00883nam a22001577a 4500 | ||
|---|---|---|---|
| 003 | OSt | ||
| 005 | 20151009130752.0 | ||
| 008 | 151009b xxu||||| |||| 00| 0 eng d | ||
| 040 | _cRUA | ||
| 082 | _aAVM KEO 2009 B086 Or.1 | ||
| 100 |
_92454 _aKEO, LEOPOLDINE. |
||
| 245 | _aEffect of winged bean leaves supplementation in cp concentrate on growth rate of broiler chicken at royal university of agriculture, ឥទ្ធិពលនៃការបន្ថែមស្លឹកពពាយលើចំណីផ្សំរបស់ក្រុមហ៊ុន CP ទៅលើការលូតលាស់របស់មាន់សាច់ នៅស្ថានីយ៏ពិសោធន៏សត្វនៃសាកលវិទ្យាល័យភូមិន្ទកសិកម្ម | ||
| 260 |
_aPhnom Penh _bRUA _c2009 |
||
| 300 |
_axi; 43p. _bill. _c29cm. |
||
| 942 |
_2ddc _cAVM |
||
| 999 |
_c2309 _d2309 |
||